000 00396nam a22001457a 4500
999 _c7796
_d7797
008 190405b ||||| |||| 00| 0 eng d
020 _a10848126
082 _a610.73 P36n 2000
100 _aPearson, Linda J.
245 _aNurse Practitioner`s Drug handbook.
250 _a3rd ed.
260 _aPennsylvania ;
_bSpringhouse Corporation,
_c2000.
300 _aviii, 1352 p.
_c20 cm.
942 _2ddc